ARRUPE JESUIT UNIVERSITY

CORONAVIRUS -STOP THE SPREAD - CLEAN,DISINFECT,COVER

An examination of the place of reason in ethics, (Record no. 121063)

MARC details
000 -LEADER
fixed length control field 00821cam a2200277 4500
001 - CONTROL NUMBER
control field 980820
003 - CONTROL NUMBER IDENTIFIER
control field ARRUPE
005 - DATE AND TIME OF LATEST TRANSACTION
control field 20141002171543.0
008 - FIXED-LENGTH DATA ELEMENTS--GENERAL INFORMATION
fixed length control field 750605s1960 xx 000 0 eng d
035 ## - SYSTEM CONTROL NUMBER
System control number (OCoLC)ocm01375518
035 ## - SYSTEM CONTROL NUMBER
System control number (NNC)980820
040 ## - CATALOGING SOURCE
Original cataloging agency OTC
Transcribing agency OTC
Modifying agency m.c.
-- ZCU
090 ## - LOCALLY ASSIGNED LC-TYPE CALL NUMBER (OCLC); LOCAL CALL NUMBER (OCLC)
Classification number (OCLC) (R) ; Classification number, CALL (RLIN) (NR) BJ43
Local cutter number (OCLC) ; Book number/undivided call number, CALL (RLIN) .T6 1960
300 ## - PHYSICAL DESCRIPTION
Dimensions 22 cm.
100 1# - MAIN ENTRY--PERSONAL NAME
Personal name Toulmin, Stephen,
Dates associated with a name 1922-2009.
9 (RLIN) 12014
245 13 - TITLE STATEMENT
Title An examination of the place of reason in ethics,
Statement of responsibility, etc by Stephen Edelston Toulmin.
260 ## - PUBLICATION, DISTRIBUTION, ETC. (IMPRINT)
Place of publication, distribution, etc Cambridge [Eng.]
Name of publisher, distributor, etc University Press
Date of publication, distribution, etc [1960]
300 ## - PHYSICAL DESCRIPTION
Extent xiv, 228 p.
500 ## - GENERAL NOTE
General note Imprint date varies.
500 ## - GENERAL NOTE
General note Cover title: Reason in ethics.
650 #0 - SUBJECT ADDED ENTRY--TOPICAL TERM
Topical term or geographic name as entry element Ethics.
9 (RLIN) 12015
650 #0 - SUBJECT ADDED ENTRY--TOPICAL TERM
Topical term or geographic name as entry element Reason.
9 (RLIN) 12016
740 0# - ADDED ENTRY--UNCONTROLLED RELATED/ANALYTICAL TITLE
Uncontrolled related/analytical title Reason in ethics.
942 ## - ADDED ENTRY ELEMENTS (KOHA)
Source of classification or shelving scheme Library of Congress Classification
Koha item type Monograph ( Printed materials)
948 1# - LOCAL PROCESSING INFORMATION (OCLC); SERIES PART DESIGNATOR (RLIN)
Series part designator, SPT (RLIN) 20080320
b (OCLC) c
c (OCLC) sl13
d (OCLC) MPS
Holdings
Withdrawn status Lost status Source of classification or shelving scheme Damaged status Not for loan Collection code Home library Current library Shelving location Date acquired Total Checkouts Full call number Barcode Date last seen Price effective from Koha item type
    Library of Congress Classification     Main Collection ARRUPE LIBRARY ARRUPE LIBRARY Main Collection 02/10/2014   BJ43.T6 1960 46500003841 22/09/2016 02/10/2014 Monograph ( Printed materials)

 

Arrupe Library. PO Box MP320 Mt Pleasant, Harare, Zimbabwe
263 242 745411|librarian@aju.ac.zw